LEADER 00511nab a2200145 i 4500 001 000000306838 003 CaOOAMICUS 005 20180831172904.0 008 180831n xx uu u0 0fre r 013 $a15374 040 $aSeMil$bita 245 10$aBulletin d'études juives et judéo-chrétiennes. 700 1 $aCerbelaud, Dominique,$c.$0(OLS)http://semarc/name/89798 773 0 $tAvril-Juin.$gp.[333]-356$w()271804 996 $6245$aBulletin d'études juives et judéo-chrétiennes.$9(OLS)http://semarc/title/381219 LEADER 00685nam a2200193 i 4500 001 000000182435 003 CaOOAMICUS 005 20091022000000.0 008 091022s1938 it u000 u ita u 013 $a160390 040 $aSeMil$bita 245 10$aVol. 2. 300 $a481 p. 490 0 $aBiblioteca di ascetica e mistica 773 0 $aRulla, Alvaro$tMeditazioni evangeliche.$dTorino : Società Editrice Internazionale, 1938-1939.$w()22231 830 0$aBiblioteca di ascetica e mistica.$0(OLS)http://semarc/title/17176 850 $aSeMil 852 $aSeMil$W1$xVenegono$y1$m3D III 138$j133139$B133139$CSeMilBibl$Z2$F144925 $81 996 $6245$aVol. 2$9(OLS)http://semarc/title/13458